Surveying the moisture contents of cavity-filled timber-framed dwellings (Record no. 87324)

MARC details
000 -LEADER
fixed length control field 00546cam a2200205 4500
001 - CONTROL NUMBER
control field D8876
008 - FIXED-LENGTH DATA ELEMENTS--GENERAL INFORMATION
fixed length control field 090401t1985 xxu||||| |||| 00| 0 eng d
035 ## - SYSTEM CONTROL NUMBER
System control number (Sirsi) u15920
041 ## - LANGUAGE CODE
Language code of text/sound track or separate title eng
050 ## - LIBRARY OF CONGRESS CALL NUMBER
Classification number 693.893
100 ## - MAIN ENTRY--PERSONAL NAME
Personal name Southern, J.R.
245 ## - TITLE STATEMENT
Title Surveying the moisture contents of cavity-filled timber-framed dwellings
260 ## - PUBLICATION, DISTRIBUTION, ETC.
Place of publication, distribution, etc. Garston, Watford
Name of publisher, distributor, etc. Building Research Establishment
Date of publication, distribution, etc. 1985
300 ## - PHYSICAL DESCRIPTION
Extent 3p. 30cm
350 ## - PRICE (NR) (BK AM CF MU VM SE) [OBSOLETE]
Price 0
490 ## - SERIES STATEMENT
Series statement Information Paper
Volume/sequential designation 1/85
700 ## - ADDED ENTRY--PERSONAL NAME
Personal name High, G.
942 ## - ADDED ENTRY ELEMENTS (KOHA)
Suppress in OPAC 0
948 ## - LOCAL PROCESSING INFORMATION (OCLC); SERIES PART DESIGNATOR (RLIN)
c (OCLC) 04/03/1997
Holdings
Withdrawn status Lost status Source of classification or shelving scheme Damaged status Not for loan Home library Current library Shelving location Date acquired Total Checkouts Full call number Barcode Date last seen Date last checked out Copy number Price effective from Koha item type
    Other/Generic Classification Scheme     London London Boxed set 14/09/1999 3 BOXED SET 30006128 06/08/2019 18/10/2007 1 06/08/2019 Book
    Other/Generic Classification Scheme     London London Boxed set 19/08/1991 3 BOXED SET 30006132 06/08/2019 25/10/2007 2 06/08/2019 Book